Vincitori della PL dal 1888 al 2025 #2 - Statistics

Statistiche generali
  • Questo quiz è stato fatto 4 volte
  • Il punteggio medio è 14 su 26
Statistiche sulle risposte
Stagione Squadra % Corretto
1930/31 Arsenal
100%
1932/33 Arsenal
100%
1933/34 Arsenal
100%
1934/35 Arsenal
100%
1937/38 Arsenal
100%
1947/48 Arsenal
100%
1921/22 Liverpool
100%
1922/23 Liverpool
100%
1946/47 Liverpool
100%
1914/15 Everton
75%
1927/28 Everton
75%
1931/32 Everton
75%
1938/39 Everton
75%
1936/37 Manchester City
75%
1950/51 Tottenham
75%
1926/27 Newcastle United
25%
1935/36 Sunderland
25%
1920/21 Burnley
0%
1923/24 Huddersfield Town
0%
1924/25 Huddersfield Town
0%
1925/26 Huddersfield Town
0%
1948/49 Portsmouth
0%
1949/50 Portsmouth
0%
1928/29 Sheffield Wednesday
0%
1929/30 Sheffield Wednesday
0%
1919/20 West Bromwich Albion
0%
Nessun quiz corrispondente trovato
Distribuzione punteggi
Percentuale di utenti per punteggio
Percentile per numero di risposta
I tuoi punteggi nel tempo
Non hai fatto questo quiz